Statistiques concernant Pokémon de A à Z

Cliquez ici pour prendre le quiz!

Statistiques générales

  • Ce quiz a été pris 395 fois
  • Le résultat moyen est 13 sur 26

Statistiques - réponses

LettesIndicesRéponses% Correct
SPrénom du héros de l'anime durant les 25 premières saisonsSacha
88%
BVille de départ dans la 1ère générationBourg Palette
86%
IProfession assimilée aux personnages se prénommant JoëlleInfirmière
83%
JMembre de la Team Rocket aux cheveux bleusJames
83%
FType apparu lors de la 6ème générationFée
82%
OChampionne d'Azuria qui suivra le héros de l'anime pendant une partie de son aventureOndine
77%
XPokemon présent sur la jaquette de Pokémon XXerneas
64%
GTeam menée par HélioGalaxie
63%
CBall dont le bonus de capture augmente au fil des tours du combatChrono Ball
62%
APremier Pokémon par ordre alphabétiqueAbo
61%
HPokemon ressemblant à un tournesolHéliatronc
61%
URégion où se déroule l'aventure des jeux Pokémon Noir et BlancUnys
58%
YÉvolution de EmbrylexYmphect
54%
LAttaque lancée par défaut par un Pokémon ayant usé tout les PP de ses attaquesLutte
51%
ZDernier Pokémon par ordre alphabétiqueZygarde
51%
MPokémon prévu initialement comme mascotte avant d'être remplacé par PikachuMélofée
48%
VUnique Pokémon ayant pour type Feu et EauVolcanion
41%
RTout premier Pokémon a avoir été conçuRhinoféros
36%
TMécanique de jeu apparue dans la 9ème générationTéracristallisation
36%
KNom du professeur de la 5ème générationKeteleeria
31%
DMaître de la ligue de KalosDianthéa
29%
PStudio de cinéma présent dans Pokémon Noir 2 et Blanc 2Pokéwood
22%
WChampion d'arène de type Dragon dans Pokémon NoirWatson
15%
EVille de Johto qui permet d'accéder à l'Antre du DragonÉbènelle
14%
QVille de Kalos dans laquelle le joueur obtient son Pokémon starterQuarellis
8%
NBoss du Groupe Caph de la Team StarNèflie
7%

Distribution des résultats

Percentile par nombre de réponses

% des personnes avec chaque résultat

Votre développement - résultats

Vous n’avez pas pris ce quiz